| 000 | 00622nam a2200205 i 4500 | ||
|---|---|---|---|
| 001 | bg | ||
| 100 | 1 | _aKRÓLIKIEWICZ, Tadeusz | |
| 245 | 0 |
_aPolski samolot i barwa / _cTadeusz Królikiewicz. |
|
| 250 | _aWyd. 2 popr. i uzup. | ||
| 260 |
_aWarszawa : _bWydaw. Min. Obrony Narodowej, _c1990. |
||
| 300 |
_a221, [3] s.,LXXX s. tabl. kolor. : _bil., fot., portr., rys. ; _c29 cm. |
||
| 504 | _aBibliogr. s. 218-219. | ||
| 020 | _a8311072388 | ||
| 040 | _cBPK | ||
| 041 | _apol | ||
| 080 | _a623.74+629.735:929.6](438)(02.025.2) | ||
| 920 | _a83-11-07238-8 | ||
| 942 | _cKS | ||
| 008 | s pl f |000 0 pol | ||
| 999 |
_c29935 _d29935 |
||
| 856 |
_uhttp://koha.tu.koszalin.pl/cgi-bin/koha/opac-detail.pl?biblionumber=29935 _yKatalog online BPK |
||